=LDR 00000nam 2200000 4500 =001 INLIS000000000002644 =005 20130612090951 =008 ***********************************Ind** =035 ##$$0010-061300000002644 =041 ##$$a Ind =082 ##$$a 664.805 659 6 =090 ##$$a 664.805 659 6, San k =100 ##$$a Santoso, Hieronymus Budi =245 ##$$a Kacang asin, Hieronymus Budi Santoso =250 ##$$a Teknologi Tepat Guna =260 ##$$a 1999 $b Yogyakarta =300 ##$$a 28, ilus, 19 cm =650 ##$$a Kacang Asin =850 ##$$a NBPNMAT